Caricaturas (Record no. 161820)

MARC details
000 -LEADER
campo de control de longitud fija 00889nam a22001815i 4500
001 - NÚMERO DE CONTROL
campo de control 161820
003 - IDENTIFICADOR DE NÚMERO DE CONTROL
campo de control ES-MaACL
005 - FECHA Y HORA DE LA ÚLTIMA TRANSACCIÓN
campo de control 20250726063042.0
008 - DATOS DE LONGITUD FIJA--INFORMACIÓN GENERAL
campo de control de longitud fija 000131s1860 sp |||| | spa d
040 ## - FUENTE DE CATALOGACIÓN
Centro catalogador/agencia de origen CAM
Lengua de catalogación spa
Centro/agencia transcriptor CAM
100 1# - ENTRADA PRINCIPAL--NOMBRE DE PERSONA
Nombre de persona Pérez Escrich, Enrique,
Fechas asociadas al nombre 1829-1897
9 (RLIN) 90847
245 10 - MENCIÓN DEL TÍTULO
Título Caricaturas
Resto del título : comedia en tres actos, en verso /
Mención de responsabilidad, etc. originasl de Enrique Pérez Escrich.
260 ## - PUBLICACIÓN, DISTRIBUCIÓN, ETC.
Lugar de publicación, distribución, etc. Madrid :
Nombre del editor, distribuidor, etc. [s.n.],
Fecha de publicación, distribución, etc. 1860 (
Fabricante Imprenta de José Rodriguez)
300 ## - DESCRIPCIÓN FÍSICA
Extensión 91 p. ;
Dimensiones 18 cm.
500 ## - NOTA GENERAL
Nota general En port.: Representada en Madrid en el teatro del Principe, la noche del 13 de Abril del año de 1850, a beneficio de la primera actriz Josefa Palma de Romea.
852 ## - LOCALIZACIÓN
Ubicación ES-MaACL
Número de control de estantería F-8598(4)
Nota libre -- Enc. pasta española
condición física -- Falto de la cub. original
Nota libre -- Enc. en un vol. facticio ormando parte de la col. facticia "Teatro español moderno", vol. 51
Holdings
Estatus retirado Estado de pérdida Estado de daño No para préstamo Colección Biblioteca de origen Biblioteca actual Ubicación en estantería Fecha de adquisición Total de préstamos Signatura topográfica completa Código de barras Visto por última vez Precio de reemplazo Tipo de ítem Koha
        Libros del s. XIX Biblioteca del Ateneo de Madrid Biblioteca del Ateneo de Madrid Sala Pecera Planta 2 17/01/2008   F-8598(4) 1169510 23/02/2023 23/02/2023 Libro impreso antiguo